Govt. of
Madhya Pradesh

अच्‍छा बोलने की कला और कामयाबी (Record no. 68284)

MARC details
000 -LEADER
fixed length control field 00430nam a22001097a 4500
082 ## - DEWEY DECIMAL CLASSIFICATION NUMBER
Classification number 080
100 ## - MAIN ENTRY--AUTHOR NAME
Personal name मण्‍डल,विकास अध्‍ययन
245 ## - TITLE STATEMENT
Title अच्‍छा बोलने की कला और कामयाबी
260 ## - PUBLICATION, DISTRIBUTION, ETC. (IMPRINT)
Place of publication नयी दिल्‍ली
Name of publisher अरूणोदय प्रकाशन
Year of publication 2025
650 ## - SUBJECT ADDED ENTRY--TOPICAL TERM
Topical Term सामान्‍य वर्ग
942 ## - ADDED ENTRY ELEMENTS (KOHA)
Koha item type Hindi Books
Holdings
Withdrawn status Lost status Damaged status Not for loan Home library Current library Date acquired Cost, normal purchase price Full call number Accession Number Price effective from Koha item type
        MACL MACL 22/10/2025 425.00 080 DPI003947 22/10/2025 Hindi Books